[Event "As Black ones now!"]
[Site "http://www.queenalice.com/game.php?id=1237778"]
[Date "2013.12.5"]
[Round "-"]
[White "pestiferous"]
[Black "martinezv"]
[Result "0-1"]
[WhiteElo "1971"]
[BlackElo "2073"]

1. d4 d5 2. c4 e6 3. Nc3 Nf6 4. cxd5 exd5 5. Bg5 Be7 6. Nf3 O-O 7. e3 Bf5 8. Bd3
Qd7 9. Qc2 Bxd3 10. Qxd3 Qg4 11. O-O Nbd7 12. h3 Qh5 13. Rfc1 c6 14. Rab1 Rfe8
15. b4 Bd6 16. b5 Ne4 17. bxc6 Nxg5 18. Nxg5 bxc6 19. Nf3 Re6 20. Ne2 Rg6 21.
Kh1 Nf6 22. Ne5 Ne4 23. Rf1 Bxe5 24. dxe5 Qxe5 25. Nf4 Rh6 26. Rb7 g5 27. Ne2 g4
28. f3 gxh3 29. fxe4 hxg2+ 30. Kxg2 Qh2+ 0-1

[Event "Let's Play Chess!"]
[Site "http://www.queenalice.com/game.php?id=1237801"]
[Date "2013.12.5"]
[Round "-"]
[White "martinezv"]
[Black "Aspayne"]
[Result "1-0"]
[WhiteElo "1962"]
[BlackElo "1997"]

1. b4 e5 2. Bb2 f6 3. b5 Bc5 4. d3 Ne7 5. Nf3 O-O 6. g3 c6 7. a4 cxb5 8. axb5 d5
9. Nbd2 Qb6 10. d4 Bb4 11. c3 Bd6 12. Qb3 Be6 13. e3 Rc8 14. Be2 Nd7 15. Ne4 Nf5
16. g4 Bf7 17. Nxf6+ Nxf6 18. dxe5 Nxe3 19. fxe3 1-0

[Event "Let's Play Chess!"]
[Site "http://www.queenalice.com/game.php?id=1237956"]
[Date "2013.12.5"]
[Round "-"]
[White "Huevo"]
[Black "martinezv"]
[Result "0-1"]
[WhiteElo "1647"]
[BlackElo "2052"]

1. c4 Nf6 2. d4 g6 3. Nc3 Bg7 4. e4 d6 5. f4 O-O 6. Nf3 Nbd7 7. Bd3 c5 8. d5 a6
9. O-O Rb8 10. a3 Qc7 11. b4 cxb4 12. axb4 Qb6+ 13. Kh1 Qxb4 14. Bd2 Qb6 15. Qe2
Nc5 16. Be3 Ng4 17. Na4 Qc7 18. Nxc5 Nxe3 19. Qxe3 Bxa1 20. Rxa1 dxc5 21. Ne5 b5
22. cxb5 axb5 23. Nc6 Rb7 24. Qxc5 Re8 25. Bxb5 Bd7 26. Ba6 Qb6 27. Nxe7+ Rxe7
28. Qxe7 Qb1+ 29. Rxb1 Rxb1+ 30. Bf1 Rxf1# 0-1

[Event "AUTO-OPEN-3136"]
[Site "http://www.queenalice.com/game.php?id=1238083"]
[Date "2013.12.6"]
[Round "1"]
[White "mapers"]
[Black "martinezv"]
[Result "0-1"]
[WhiteElo "1719"]
[BlackElo "1997"]

1. e4 d5 2. Nf3 dxe4 3. Ne5 Nf6 4. g4 Qd5 5. d4 exd3 6. Qxd3 Qxh1 7. Nf3 Bxg4 8.
Nbd2 Nbd7 9. Qe3 Bxf3 10. Nxf3 Ng4 11. Qf4 h5 12. h3 e5 13. Qg3 e4 14. Qg2 Qxg2
15. Bxg2 exf3 16. Bxf3 Nge5 17. Bxb7 Rb8 18. Bc6 Nxc6 19. Bf4 Nd4 20. Rc1 Rxb2
21. Be3 Nxc2+ 0-1

[Event "AUTO-OPEN-3136"]
[Site "http://www.queenalice.com/game.php?id=1238084"]
[Date "2013.12.6"]
[Round "1"]
[White "martinezv"]
[Black "mapers"]
[Result "1-0"]
[WhiteElo "1998"]
[BlackElo "1710"]

1. b4 d5 2. Bb2 f6 3. d4 Nc6 4. b5 Na5 5. e3 Nc4 6. Bxc4 dxc4 7. Nf3 e6 8. a4
Bb4+ 9. c3 Ba5 10. Nbd2 b6 11. Nxc4 Qd5 12. Qe2 a6 13. Nxa5 bxa5 14. c4 Qe4 15.
O-O Bb7 16. c5 Bd5 17. Qd2 Qg4 18. h3 Qg6 19. Qe2 Ne7 20. Rfe1 O-O 21. e4 Bb3
22. Qd3 axb5 23. Qxb3 Qf7 24. axb5 e5 25. Qxf7+ Rxf7 26. dxe5 fxe5 27. Bxe5 c6
28. b6 Ng6 29. Reb1 Nxe5 30. Nxe5 Re7 31. Nxc6 Rxe4 32. b7 Rae8 33. b8=Q Rxb8
34. Rxb8+ Kf7 35. Rxa5 Re1+ 36. Kh2 Re6 37. Nd8+ Ke7 38. Nxe6 Kxe6 39. Rd8 g5
40. c6 1-0

[Event "AUTO-OPEN-3136"]
[Site "http://www.queenalice.com/game.php?id=1238111"]
[Date "2013.12.6"]
[Round "1"]
[White "martinezv"]
[Black "chessxtime"]
[Result "1-0"]
[WhiteElo "2136"]
[BlackElo "1401"]

1. b4 e5 2. Bb2 d5 3. d3 Bxb4+ 4. Nd2 Nf6 5. Bxe5 Qe7 6. Bb2 Bg4 7. h3 Bh5 8. c3
Ba5 9. Ngf3 h6 10. Qa4+ c6 11. Qxa5 b6 12. Qa4 b5 13. Qb3 Nbd7 14. a4 Nc5 15.
Qc2 Rd8 16. axb5 cxb5 17. Nd4 Rd6 18. Nf5 Qd7 19. Nxd6+ Qxd6 20. Ba3 Qc6 21. Nb3
Ne6 22. e3 Bg6 23. Be2 Qb6 24. O-O a5 25. Rfb1 Bh5 26. Bxh5 Nxh5 27. Nd4 1-0

[Event "AUTO-OPEN-3136"]
[Site "http://www.queenalice.com/game.php?id=1238112"]
[Date "2013.12.6"]
[Round "1"]
[White "chessxtime"]
[Black "martinezv"]
[Result "0-1"]
[WhiteElo "1492"]
[BlackElo "2134"]

1. e4 d5 2. Bd3 dxe4 3. Bxe4 Nf6 4. d3 Nxe4 5. dxe4 Qxd1+ 6. Kxd1 e5 7. Nf3 f6
8. Nc3 c6 9. Re1 Bb4 10. Ne2 Bxe1 11. Kxe1 O-O 12. a4 Na6 13. Nh4 Nb4 14. c3
Nc2+ 15. Kf1 Nxa1 16. Nf5 Bxf5 17. Ng3 Be6 18. Nh5 Rfd8 19. Kg1 Rd1# 0-1

[Event "AUTO-OPEN-3136"]
[Site "http://www.queenalice.com/game.php?id=1238113"]
[Date "2013.12.6"]
[Round "1"]
[White "martinezv"]
[Black "Aspayne"]
[Result "1/2-1/2"]
[WhiteElo "1974"]
[BlackElo "2003"]

1. b4 Nf6 2. Bb2 e6 3. b5 c6 4. a4 Qb6 5. c4 d5 6. d3 Bb4+ 7. Nd2 cxb5 8. axb5
dxc4 9. Bxf6 gxf6 10. dxc4 Nd7 11. Nf3 Nc5 12. e3 O-O 13. Qb1 Bc3 14. Ra3 Bxd2+
15. Nxd2 Rd8 16. Ne4 Nxe4 17. Qxe4 e5 18. Bd3 Be6 19. Qxh7+ Kf8 20. O-O Ke7 21.
Rfa1 Rac8 22. Qe4 Rd7 23. Rxa7 f5 24. Qh4+ f6 25. Bf1 e4 26. R7a4 Rdc7 27. Qh7+
Kd6 28. Rd1+ Ke5 29. Qh4 Bxc4 30. Qf4+ Ke6 31. g4 Qxb5 32. gxf5+ Kf7 33. Ra8
Bxf1 34. Rxf1 Rc1 35. Rxc1 Rxc1+ 36. Kg2 Qf1+ 37. Kg3 Qg1+ 38. Kh3 Rc2 39. Qxe4
Qf1+ 40. Qg2 Rxf2 41. Qxf1 Rxf1 42. Kg2 Rxf5 1/2-1/2

[Event "AUTO-OPEN-3136"]
[Site "http://www.queenalice.com/game.php?id=1238114"]
[Date "2013.12.6"]
[Round "1"]
[White "Aspayne"]
[Black "martinezv"]
[Result "1-0"]
[WhiteElo "1985"]
[BlackElo "1990"]

1. d4 Nf6 2. c4 g6 3. Nc3 Bg7 4. f3 d6 5. e4 O-O 6. Bd3 Nbd7 7. Nge2 c5 8. Be3
b6 9. O-O Bb7 10. Nd5 cxd4 11. Nxd4 Ne5 12. Be2 Rc8 13. b3 e6 14. Nf4 Qe7 15.
Nb5 a6 16. Qxd6 Qxd6 17. Nxd6 Rb8 18. Bxb6 Bc6 19. c5 Nfd7 20. Bc7 Rb4 21. Rac1
Bb5 22. Nxb5 axb5 23. c6 Nb8 24. Bd6 Rc8 25. Bxb4 1-0

[Event "AUTO-ADV-3024"]
[Site "http://www.queenalice.com/game.php?id=1238152"]
[Date "2013.12.6"]
[Round "1"]
[White "martinezv"]
[Black "Spessatto"]
[Result "1-0"]
[WhiteElo "1979"]
[BlackElo "1857"]

1. b4 e5 2. Bb2 Bxb4 3. Bxe5 Qg5 4. Nf3 Qf5 5. Bxg7 Nf6 6. Bxh8 d6 7. c3 Ba5 8.
Bxf6 Qxf6 9. Qa4+ Nc6 10. Nd4 Bb6 11. Nxc6 bxc6 12. Qxc6+ 1-0

[Event "AUTO-ADV-3024"]
[Site "http://www.queenalice.com/game.php?id=1238153"]
[Date "2013.12.6"]
[Round "1"]
[White "Spessatto"]
[Black "martinezv"]
[Result "0-1"]
[WhiteElo "1871"]
[BlackElo "1966"]

1. d4 Nf6 2. h3 d5 3. Nf3 Bf5 4. Bf4 e6 5. e3 Be7 6. Bd3 Bxd3 7. Qxd3 O-O 8. O-O
c5 9. c3 Nc6 10. Bh2 Qb6 11. b3 Rac8 12. Nbd2 a5 13. Ne5 Rfd8 14. Ndf3 cxd4 15.
cxd4 Nb4 16. Qd1 Ne4 17. Nd3 Nc3 18. Qd2 Ncxa2 19. Rxa2 Nxa2 20. Qxa2 Rc3 21.
Nc5 Bxc5 22. dxc5 Qxc5 23. Nd4 Rc8 24. Be5 b6 25. Qe2 Qe7 26. Qd2 f6 27. Nf5 Qb4
28. Bxc3 Rxc3 29. Nd4 e5 30. Ne2 Rxb3 31. Qxb4 Rxb4 32. Rd1 a4 33. Rxd5 a3 34.
Nc3 Rb3 35. Na2 Rb2 36. Nc3 b5 37. Rd8+ Kf7 38. Ra8 b4 39. Nd5 a2 40. Kh2 b3 41.
Nb4 Rxf2 42. Nd3 Rf1 0-1

[Event "AUTO-ADV-3024"]
[Site "http://www.queenalice.com/game.php?id=1238155"]
[Date "2013.12.6"]
[Round "1"]
[White "chessguy"]
[Black "martinezv"]
[Result "0-1"]
[WhiteElo "1755"]
[BlackElo "2135"]

1. d4 Nf6 2. Nf3 g6 3. Bf4 Bg7 4. e3 O-O 5. Bc4 d5 6. Bb3 a5 7. a4 b6 8. c4 c6
9. O-O Na6 10. Ne5 Bb7 11. Re1 Nh5 12. Nc3 Nb4 13. Bg3 Rc8 14. cxd5 cxd5 15. e4
Nxg3 16. hxg3 Bxe5 17. exd5 Bf6 18. Re3 Bxd5 19. Nxd5 Nxd5 20. Re4 Nb4 21. Qg4
Nd3 22. d5 Nxb2 23. f4 Nd3 24. Qe2 Nc5 25. Rb1 Nxe4 26. Qxe4 Rc3 27. Kh2 Qd7 28.
Ba2 Qg4 29. Rxb6 Qxg3+ 0-1

[Event "AUTO-ADV-3024"]
[Site "http://www.queenalice.com/game.php?id=1238156"]
[Date "2013.12.6"]
[Round "1"]
[White "martinezv"]
[Black "danielporrasarias"]
[Result "1-0"]
[WhiteElo "1996"]
[BlackElo "1653"]

1. b4 e5 2. Bb2 d6 3. c4 Be6 4. d3 Nf6 5. Nf3 Nbd7 6. g3 d5 7. c5 a6 8. Nxe5 Be7
9. Nd2 Nxe5 10. Bxe5 O-O 11. Bg2 Ng4 12. Bb2 Bf6 13. d4 c6 14. O-O Qd7 15. Nf3
Nh6 16. Qd2 Bh3 17. Rfe1 Bxg2 18. Kxg2 Qg4 19. a4 Nf5 20. h3 Qe4 21. Ra3 Rfe8
22. Qd3 Nxd4 23. Bxd4 Bxd4 24. Qxd4 Qc2 25. Qd3 Qb2 26. Rb3 Qa2 27. a5 Re7 28.
Nd4 Rae8 29. Qc3 Rxe2 30. Rxe2 Rxe2 31. Nxe2 Qxe2 32. Qe3 1-0

[Event "AUTO-ADV-3024"]
[Site "http://www.queenalice.com/game.php?id=1238157"]
[Date "2013.12.6"]
[Round "1"]
[White "danielporrasarias"]
[Black "martinezv"]
[Result "0-1"]
[WhiteElo "1655"]
[BlackElo "1993"]

1. c4 Nf6 2. Nc3 e5 3. e4 Bb4 4. Nf3 d6 5. h3 Bxc3 6. dxc3 Nxe4 7. Bd3 Nc5 8.
Bc2 O-O 9. O-O Nc6 10. b4 Ne6 11. Qd3 f5 12. Re1 e4 13. Qd5 Ne7 14. Qd1 exf3 15.
Qxf3 g6 16. Bd2 Nc6 17. Bb3 Ne5 18. Qg3 f4 19. Qh2 Ng5 20. Bd1 Bxh3 21. Bxf4 Qf6
22. Bg3 Bg4 23. f3 Nexf3+ 24. gxf3 Bxf3 25. Rf1 Qxc3 26. c5 Bxd1 27. Raxd1 Rf3
28. Rxf3 Nxf3+ 0-1

[Event "AUTO-MASTER-1994"]
[Site "http://www.queenalice.com/game.php?id=1238441"]
[Date "2013.12.8"]
[Round "1"]
[White "martinezv"]
[Black "dadge"]
[Result "1-0"]
[WhiteElo "2054"]
[BlackElo "2141"]

1. b4 e5 2. Bb2 d6 3. d3 Nf6 4. Nf3 Be7 5. g3 Nc6 6. b5 Nb8 7. Bg2 Bd7 8. c4 a6
9. a4 axb5 10. axb5 c6 11. Rxa8 cxb5 12. Nxe5 dxe5 13. Bxe5 1-0

[Event "AUTO-MASTER-1994"]
[Site "http://www.queenalice.com/game.php?id=1238442"]
[Date "2013.12.8"]
[Round "1"]
[White "dadge"]
[Black "martinezv"]
[Result "0-1"]
[WhiteElo "2133"]
[BlackElo "2099"]

1. e4 c5 2. Nf3 d6 3. d4 cxd4 4. Nxd4 Nf6 5. Nc3 g6 6. Be2 Bg7 7. Be3 Nc6 8. O-O
O-O 9. f3 Bd7 10. Qd2 Re8 11. Rad1 Rc8 12. Nd5 Nxd5 13. Bf2 Ndb4 14. a3 Nxd4 15.
axb4 Rxc2 16. Bxd4 Rxd2 0-1

[Event "AUTO-MASTER-1994"]
[Site "http://www.queenalice.com/game.php?id=1238443"]
[Date "2013.12.8"]
[Round "1"]
[White "martinezv"]
[Black "attachui"]
[Result "1-0"]
[WhiteElo "2112"]
[BlackElo "2072"]

1. b4 Nf6 2. Bb2 a5 3. b5 c6 4. a4 e6 5. Nf3 Bc5 6. e3 d6 7. d4 Bb6 8. c4 O-O 9.
Be2 Nbd7 10. O-O c5 11. Nbd2 Re8 12. Qc2 h6 13. Rfe1 e5 14. d5 e4 15. Nh4 Ne5
16. g3 Bg4 17. Nxe4 Nxe4 18. Bxg4 Nxg4 19. f3 Nxg3 20. hxg3 Nxe3 21. Qc3 Qg5 22.
Kf2 Nf5 23. Nxf5 Re5 24. Nxd6 Rxd5 25. cxd5 c4+ 26. Kg2 f6 27. Re7 Qxd5 28.
Rxg7+ 1-0

[Event "AUTO-MASTER-1994"]
[Site "http://www.queenalice.com/game.php?id=1238444"]
[Date "2013.12.8"]
[Round "1"]
[White "attachui"]
[Black "martinezv"]
[Result "0-1"]
[WhiteElo "2076"]
[BlackElo "2123"]

1. d4 d5 2. c4 e6 3. Nc3 Nf6 4. Nf3 Be7 5. Bf4 c6 6. e3 O-O 7. Rc1 Na6 8. c5 b6
9. Bxa6 Bxa6 10. Qa4 Qc8 11. b4 Qb7 12. Nd2 Bd3 13. Nf3 b5 14. Qd1 Bc4 15. Ne5
a5 16. a3 axb4 17. axb4 Ra3 18. Qd2 Rfa8 19. f3 Rb3 20. Kf2 Rxb4 21. Nxd5 Nxd5
22. Nxc4 bxc4 23. e4 Rb2 24. Rc2 Raa2 25. Rhc1 Qb3 26. exd5 exd5 27. Kg3 Rxc2
28. Rxc2 Qxc2 0-1

[Event "AUTO-MASTER-1994"]
[Site "http://www.queenalice.com/game.php?id=1238445"]
[Date "2013.12.8"]
[Round "1"]
[White "martinezv"]
[Black "luciopac"]
[Result "1-0"]
[WhiteElo "2004"]
[BlackElo "2262"]

1. b4 c6 2. Bb2 d6 3. Nf3 e5 4. d3 Be6 5. g3 Qb6 6. a3 Nf6 7. Bg2 a5 8. c3 h6 9.
O-O Be7 10. Nbd2 O-O 11. Nb3 Nbd7 12. Qc2 a4 13. Na5 Rxa5 14. bxa5 Qxa5 15. c4
Nc5 16. Bc3 Qa6 17. Nd2 b5 18. Bb4 Nfd7 19. Rfc1 Bg5 20. e3 f5 21. f4 bxc4 22.
fxg5 cxd3 23. Qc3 hxg5 24. Rab1 Bd5 25. Nc4 Qxc4 26. Qxc4 Bxc4 27. Rxc4 e4 28.
Bxc5 Nxc5 29. Rb6 Rc8 30. Kf2 Kf7 31. Rcb4 Ke6 32. Rb8 Rc7 33. Re8+ Kf7 34. Rbb8
Ra7 35. Rf8+ Ke6 36. Rbe8+ Re7 37. Rxe7+ Kxe7 38. Rxf5 d5 39. Rxg5 Kf7 40. Bh3
g6 41. Bc8 Kf6 42. Rg4 g5 43. h4 gxh4 44. gxh4 Ke5 45. h5 1-0

[Event "AUTO-MASTER-1994"]
[Site "http://www.queenalice.com/game.php?id=1238446"]
[Date "2013.12.8"]
[Round "1"]
[White "luciopac"]
[Black "martinezv"]
[Result "1-0"]
[WhiteElo "2251"]
[BlackElo "2002"]

1. e4 c5 2. Nf3 d6 3. d4 cxd4 4. Nxd4 Nf6 5. Nc3 a6 6. Bd3 e6 7. O-O Be7 8. Be3
O-O 9. f4 Nc6 10. Qf3 e5 11. Nxc6 bxc6 12. f5 Bb7 13. g4 h6 14. Rad1 d5 15. g5
hxg5 16. Bxg5 Qb6+ 17. Kh1 c5 18. Bxf6 dxe4 19. Bxe4 Bxe4 20. Nxe4 Bxf6 21. Rd6
1-0

[Event "AUTO-MASTER-1994"]
[Site "http://www.queenalice.com/game.php?id=1323504"]
[Date "2014.11.21"]
[Round "2"]
[White "Guilherme_Ottoni"]
[Black "martinezv"]
[Result "1-0"]
[WhiteElo "2070"]
[BlackElo "2148"]

1. d4 Nf6 2. c4 e6 3. Nc3 d5 4. Bg5 Be7 5. Nf3 h6 6. Bh4 O-O 7. e3 b6 8. Bd3
dxc4 9. Bxc4 Bb7 10. O-O Nbd7 11. Qe2 c5 12. Rfd1 Ne4 13. Nxe4 Bxe4 14. Bxe7
Qxe7 15. dxc5 Nxc5 16. Nd2 Bc6 17. Bb5 Bb7 18. Rac1 Rfd8 19. Nf3 a6 20. Bd3 Nxd3
21. Rxd3 Bd5 22. b3 Rac8 23. Rdc3 Rxc3 24. Rxc3 Qf6 25. Nd4 e5 26. Nf3 Qg6 27.
h3 b5 28. Ne1 Be6 29. Kh2 Bf5 30. f3 e4 31. f4 Qb6 32. Nc2 Rd3 33. Qe1 Qf6 34.
Nd4 g5 35. g4 Bd7 36. f5 Qd6+ 37. Kg2 b4 38. Rc4 a5 39. Qc1 a4 40. bxa4 Ra3 41.
Qd2 Rxa4 42. Rc2 Qd5 43. Rb2 Qc4 44. Rc2 Qd3 45. Qxd3 exd3 46. Rd2 Ra3 47. Kf3
Bc8 48. e4 Kg7 49. Nb3 Ba6 50. Ke3 f6 51. Kd4 h5 52. Nc5 Bb5 53. Ne6+ Kf7 54.
Nc7 Bc6 55. Nd5 hxg4 56. hxg4 b3 57. axb3 Rxb3 58. Rxd3 Rxd3+ 59. Kxd3 Ba4 60.
Kd4 Bd1 61. Ne3 Bf3 62. e5 fxe5+ 63. Kxe5 Be2 64. f6 1-0

[Event "AUTO-MASTER-1994"]
[Site "http://www.queenalice.com/game.php?id=1323505"]
[Date "2014.11.21"]
[Round "2"]
[White "martinezv"]
[Black "Guilherme_Ottoni"]
[Result "1-0"]
[WhiteElo "2137"]
[BlackElo "2042"]

1. e4 c5 2. Nf3 d6 3. c3 Nf6 4. Qc2 g6 5. Bc4 Nc6 6. O-O Bg7 7. d4 cxd4 8. cxd4
Qb6 9. e5 dxe5 10. dxe5 Ng8 11. Re1 Bg4 12. Ng5 Nxe5 13. Rxe5 Bxe5 14. Nxf7 Bf5
15. Qe2 e6 16. Qxe5 Kxf7 17. Qxh8 Rd8 18. Qxh7+ Kf8 19. Bh6+ Nxh6 20. Qxh6+ Kg8
21. Qc1 Qxb2 22. Qxb2 Rd1+ 23. Bf1 Bd3 24. Nc3 1-0

[Event "AUTO-MASTER-1994"]
[Site "http://www.queenalice.com/game.php?id=1323508"]
[Date "2014.11.21"]
[Round "2"]
[White "martinezv"]
[Black "bonow"]
[Result "0-1"]
[WhiteElo "2159"]
[BlackElo "2184"]

1. e4 c5 2. Nf3 Nc6 3. g3 Nf6 4. Bg2 d6 5. d3 e5 6. O-O Be7 7. Nbd2 O-O 8. c3
Be6 9. Ng5 Bd7 10. f4 exf4 11. gxf4 b5 12. Kh1 Qb6 13. a4 bxa4 14. Nc4 Qc7 15.
Rxa4 a5 16. Ra1 Bg4 17. Qe1 h6 18. Nf3 Rfe8 19. Qg3 Be6 20. Na3 Nh5 21. Qf2 a4
22. f5 Bd7 23. Be3 Nf6 24. Bh3 d5 25. exd5 Nxd5 26. Bxc5 Na5 27. Bxe7 Nxe7 28.
Nd4 Nb3 29. Nac2 Nxa1 30. Nxa1 f6 31. Rg1 Rab8 0-1

[Event "AUTO-MASTER-1994"]
[Site "http://www.queenalice.com/game.php?id=1323509"]
[Date "2014.11.21"]
[Round "2"]
[White "bonow"]
[Black "martinezv"]
[Result "0-1"]
[WhiteElo "2176"]
[BlackElo "2146"]

1. e4 c5 2. Nf3 g6 3. d4 cxd4 4. Nxd4 Nc6 5. Be3 Nf6 6. Nc3 Bg7 7. Nxc6 bxc6 8.
e5 Ng8 9. f4 d6 10. Qf3 Bb7 11. O-O-O Qc7 12. Kb1 dxe5 13. Bc4 Nf6 14. fxe5 Qxe5
15. Rhe1 Qxh2 16. Bf4 Qh5 17. Qe3 e6 18. Bxe6 O-O 19. Bb3 Rfe8 20. Qf2 Ng4 21.
Rxe8+ Rxe8 22. Qxa7 Qf5 23. Qxb7 Qxf4 24. Qxc6 Rf8 25. Nd5 Qe5 26. Qb7 Qxb2# 0-1